| 000 | 01042cam a2200277 4500 | ||
|---|---|---|---|
| 008 | 090401t1994 xxu||||| |||| 00| 0 eng d | ||
| 020 | _a0333604768 | ||
| 035 | _a(Sirsi) u67239 | ||
| 041 | _aeng | ||
| 050 | _a346.4104343 | ||
| 100 | _aFreedman, Philip | ||
| 245 | _aCommercial lease renewals: a practical guide. | ||
| 260 |
_aBasingstoke _bMacmillan _c1994 |
||
| 300 | _axiv,168p. ; 24cm. | ||
| 350 | _a19.99 | ||
| 490 | _aMacmillan Building and Surveying Series | ||
| 520 | _aGuide for solicitors and surveyors to the law as it affects landlords and tenants approaching the end of an existing commercial lease. Includes many references to case law, as well as extracts from the Landlord and Tenant Act 1954, specimen notices, counter-notices and other forms. | ||
| 650 | _aBUSINESS TENANCIES | ||
| 650 | _aCOMMERCIAL LEASES | ||
| 650 | _aLANDLORD AND TENANT ACT 1954 | ||
| 650 | _aLEASE RENEWAL | ||
| 690 | _aLANDLORD AND TENANT-BUSINESS TENANCIES | ||
| 700 | _aShapiro, Eric F. | ||
| 942 | _n0 | ||
| 948 | _c04/03/1997 | ||
| 999 |
_c94981 _d94981 |
||